Cometh the hour / Jeffrey Archer.
The reading of a suicide note has devastating consequences for the Clifton family. Giles must decide if he should withdraw from politics and try to rescue Karin, the woman he loves, from behind the Iron Curtain. Lady Virginia is facing bankruptcy until she is introduced to the hapless Cyrus T. Grant III from Baton Rouge, Louisiana, who's in England to see his horse run at Royal Ascot. Sebastian Clifton is now the Chief Executive of Farthings Bank; his personal life is thrown into disarray when he falls for Priya, a beautiful Indian girl. Harry remains determined to get Anatoly Babakov released from a gulag in Siberia.
Record details
- ISBN: 9781410485335
- ISBN: 1410485331
- Physical Description: 691 pages (large print) ; 24 cm.
- Edition: Large print edition.
- Publisher: Waterville, Maine : Thorndike Press, a part of Gale, Cengage Learning, ©2016.
Search for related items by subject
| Subject: | Families > England > History > 20th century > Fiction. Social classes > England > Fiction. Large type books. |
| Genre: | Domestic fiction. Historical fiction. Historical fiction. |
Search for related items by series
Available copies
- 1 of 1 copy available at scottsboropl.
Holds
- 0 current holds with 1 total copy.
Show Only Available Copies
| Location | Call Number / Copy Notes | Barcode | Shelving Location | Status | Due Date |
|---|---|---|---|---|---|
| scottsboropl | F Arc | 32269000979057 | Adult - Fiction | Available | - |
| LDR | 02166nam a22004458i 4500 | ||
|---|---|---|---|
| 001 | 140781 | ||
| 003 | CONS | ||
| 005 | 20160314092557.0 | ||
| 008 | 160108t20162016meu d 000 1 eng | ||
| 010 | . | ‡a 2016000415 | |
| 020 | . | ‡a9781410485335 ‡q(large print : hardback) | |
| 020 | . | ‡a1410485331 ‡q(large print : hardback) | |
| 035 | . | ‡a(CPomAG)LMN593752 | |
| 042 | . | ‡apcc | |
| 043 | . | ‡ae-uk-en | |
| 050 | 1 | 0. | ‡aPR6051.R285 ‡bC66 2016b |
| 082 | 0 | 0. | ‡a823/.914 ‡223 |
| 100 | 1 | . | ‡aArcher, Jeffrey, ‡d1940- ‡eauthor. |
| 245 | 1 | 0. | ‡aCometh the hour / ‡cJeffrey Archer. |
| 250 | . | ‡aLarge print edition. | |
| 264 | 1. | ‡aWaterville, Maine : ‡bThorndike Press, a part of Gale, Cengage Learning, ‡c©2016. | |
| 300 | . | ‡a691 pages (large print) ; ‡c24 cm. | |
| 336 | . | ‡atext ‡btxt ‡2rdacontent | |
| 337 | . | ‡aunmediated ‡bn ‡2rdamedia | |
| 338 | . | ‡avolume ‡bnc ‡2rdacarrier | |
| 340 | . | ‡nlarge print ‡2rda | |
| 490 | 1 | . | ‡aThe Clifton chronicles |
| 490 | 1 | . | ‡aThorndike Press large print core |
| 520 | . | ‡aThe reading of a suicide note has devastating consequences for the Clifton family. Giles must decide if he should withdraw from politics and try to rescue Karin, the woman he loves, from behind the Iron Curtain. Lady Virginia is facing bankruptcy until she is introduced to the hapless Cyrus T. Grant III from Baton Rouge, Louisiana, who's in England to see his horse run at Royal Ascot. Sebastian Clifton is now the Chief Executive of Farthings Bank; his personal life is thrown into disarray when he falls for Priya, a beautiful Indian girl. Harry remains determined to get Anatoly Babakov released from a gulag in Siberia. | |
| 650 | 0. | ‡aFamilies ‡zEngland ‡xHistory ‡y20th century ‡vFiction. | |
| 650 | 0. | ‡aSocial classes ‡zEngland ‡vFiction. | |
| 650 | 0. | ‡aLarge type books. | |
| 655 | 7. | ‡aDomestic fiction. ‡2lcgft | |
| 655 | 7. | ‡aHistorical fiction. ‡2lcgft | |
| 655 | 7. | ‡aHistorical fiction. ‡2gsafd | |
| 800 | 1 | . | ‡aArcher, Jeffrey, ‡d1940- ‡tClifton chronicles. |
| 830 | 0. | ‡aThorndike Press large print core series. | |
| 914 | . | ‡aSCP_jd | |
| 959 | . | ‡i32269000979057 ‡lF Arc ‡aAdult - Fiction ‡tFiction ‡g36.00 | |
| 852 | . | ‡p32269000979057 ‡jF Arc ‡gAdult - Fiction ‡cFiction ‡y36.00 ‡bSBPL | |
| 901 | . | ‡a140781 ‡bUnknown ‡c140781 ‡tbiblio | |